000 00468nam a2200193Ia 4500
005 20240823021245.0
008 240823s9999||||xx |||||||||||||| ||und||
020 _a9812-53-143-2
041 _aENGLISH
082 _A658.8 P1
100 _a"Gronroos,Christian"
245 0 _aService Management and Marketing
250 _a2nd
260 _c2001
_b"John Wiely, Ne"
500 _aYES
650 _aMarketing
_bManagement Studies
942 _cBK
999 _c176644
_d176644